Statystyki dla Słówka po angielsku

Kliknij tutaj aby rozwiązać quiz!

Ogólne statystyki

  • Ten quiz został rozwiązany 12 razy
  • Średni wynik to 2 z 15

Statystyki odpowiedzi

HintOdpowiedź% Poprawnych
praca zespołowateamwork
80%
popularnośćpopularity
40%
nauki społecznesocial science
20%
warsztatyworkshop
20%
ułatwiaćfacilitate
10%
niezbędnyessential
0%
autentyczniegenuinely
0%
uzależnić się od czegośget addicted to sth
0%
efekciarskigimmicky
0%
przydatnyhandy
0%
niezbędnyindispensable
0%
producentmanufacturer
0%
promowac cośmarket sth
0%
nauka o mózgu i o układzie nerwowymneuroscience
0%
nowynovel
0%

Rozkład punktacji

Percentyl według liczby udzielonych odpowiedzi

Procent ludzi z każdym wynikiem

Twoja historia wyników

Nie rozwiązałeś tego quizu